00871nas a2200229Ia 4500001001100000003000900011008004100020040001300061040001300074041001300087100004300100210001500143222001500158245006400173250001100237260002400248501008600272300001700358362002600375500019700401650004300598R137/97150IT-RoPAU151124c99999999xx |||||||||||| ||und|| aIT-RoPAU cIT-RoPAU aITALIANO aLieury AlaingCodice Aut. SPICS: 30223 aMULTIMEDIA aMultimedia aMULTIMEDIA, ANNO 01-N.02 (1991)bAudiovisivo, Dolce Chimera a1a ed. aTORINObSONDAc1991 bPaulus - SPICS - Società San Paolo EM (non-commercial uses only)cCopyright2015 a5 p. [43-47] aANNO 001, N.02 (1991) aIllusioni dell'Introspezione e Psicologia Scientifica. Codici Sensoriali Ericodificazione Delle Informazioni. Codice Sensoriale Visivo e Auditivo. Codice Lessicale. Soggetti Auditivi e Visivi. aCOMUNICAZIONEvPUBBLICAZIONE PERIODICA